000 00260nam a22001217a 4500
008 181106b xxu||||| |||| 00| 0 eng d
041 _aeng
080 _a611
100 _a6
101 _aANA
245 _aThe Anatomy of Sleep
_cNutley,N.J
942 _2udc
_cBK
999 _c51956
_d51956